Mejor 11 inicial de la historia del fútbol - Estadísticas

Estadísticas generales
  • Esta prueba ha sido intentada 288 veces
    258 desde el último reinicio
  • La puntuación promedio es 9 de 11
Estadísticas de respuestas
Hint Respuesta % Correcto
Extremo derecho Leo Messi
98%
Extremo izquierdo Cristiano Ronaldo
97%
Lateral izquierdo Roberto Carlos
85%
Medio centro Maradona
81%
Defensa central Paolo Maldini
80%
Defensa central Sergio Ramos
79%
Portero Yashin
79%
Medio centro Zinedine zidane
77%
Lateral derecho Cafu
76%
Delantero centro Pele
76%
Medio centro Ronaldinho
38%
No se encontraron pruebas coincidentes
Distribución de puntuación
Porcentaje de gente con cada puntuación
Porcentaje por número respondido
Historial de tus puntuaciones
No has intentado esta prueba desde el último reinicio